000 01026nam a2200277Ia 4500
005 20251020182506.0
008 200515s9999 xx 000 0 und d
020 _a968-18-0466-X
082 _a628.11/F16
100 _aFair, Gordon Maskew
100 _aGeyer, John Charles
100 _aOkun, Daniel Alexander
245 0 _aAbastecimiento de agua y remoción de aguas residuales. Vol. 1 Ingeniería sanitaria y de aguas residuales
260 _aMéxico, D.F.
260 _bLIMUSA ; NORIEGA EDITORES
260 _c1995
300 _a547 p.
300 _bil., tbl., graf.
500 _a1 ejemplar. Volumen 1
520 _aSe examinan temas de gran trascendencia para el manejo y control de la calidad de las aguas en la naturaleza, así como dentro del ciclo de "purificación-remoción de aguas residuales" que se efectúan en los sistemas municipales e industriales.
650 _aABASTECIMIENTO DE AGUA
650 _aAGUAS RESIDUALES
650 _aINGENIERIA SANITARIA
942 _cLIB
999 _c1278
_d1278